Normal view
MARC view
Entry Personal Name
001 - CONTROL NUMBER
- control field: 41515
003 - CONTROL NUMBER IDENTIFIER
- control field: ARRUPE
005 - DATE AND TIME OF LATEST TRANSACTION
- control field: 20180413094041.0
008 - FIXED-LENGTH DATA ELEMENTS
- fixed length control field: 180413|| aca||aabn | a|a d
040 ## - CATALOGING SOURCE
- Original cataloging agency: ARRUPE
- Transcribing agency: ARRUPE
100 ## - HEADING--PERSONAL NAME
- Personal name: Picard, Marcel
670 ## - SOURCE DATA FOUND
- Source citation: Work cat.: (ARRUPE): Simon, Sylvie 41514, Le langage secret du tarot, 1982